| 000 | 00405nam a22001337a 4500 | ||
|---|---|---|---|
| 082 | _aT-77 | ||
| 100 |
_aNoor Ul Amin _934733 |
||
| 245 | _aMechanical Behavior and Bearing Mechanism of a Composite of Granular Soil and Grid Reinforcement | ||
| 260 |
_aOsaka University Japan _bDepartment of Civil Engineering |
||
| 300 | _ap 144 | ||
| 526 |
_a0 _b0 _c0 _dT_77 |
||
| 650 |
_aThesis _934811 |
||
| 942 |
_2ddc _cBK |
||
| 999 |
_c551440 _d551440 |
||